|
|
|
|
| LEADER |
00817nam a2200205 i 4500 |
| 001 |
acta40149 |
| 005 |
20210910154350.0 |
| 008 |
161201s2014 hu o 0|| hun d |
| 020 |
|
|
|a 978 963 306 351 4
|
| 040 |
|
|
|a SZTE Egyetemi Kiadványok Repozitórium
|b hun
|
| 041 |
|
|
|a hun
|
| 245 |
0 |
0 |
|a Bölcsészettudományok
|h [elektronikus dokumentum]
|
| 260 |
|
|
|a Szegedi Egyetemi Kiadó
|b Szeged
|c 2014
|
| 300 |
|
|
|a 303 p.
|c 24 cm
|
| 490 |
0 |
|
|a Szegedi egyetemi tudástár
|v 6
|
| 650 |
|
4 |
|a Bölcsészettudományok
|
| 695 |
|
|
|a Bölcsészettudományok - tanulmányok, Irodalomtudomány - tanulmányok, Nyelvtudomány - tanulmányok, Történettudomány - tanulmányok, Filozófia - tanulmányok
|
| 700 |
0 |
1 |
|a Pál József
|
| 700 |
0 |
1 |
|a Vajda Zoltán
|
| 856 |
4 |
0 |
|u http://acta.bibl.u-szeged.hu/40149/1/tudastar_006.pdf
|z Dokumentum-elérés
|